000 00719nam a2200193 i 4500
001 81141
003 ES-MaACL
005 20231226170344.0
007 t|
008 041103s1956 sp |||| | spa d
245 0 0 _aHomenaje a Menéndez Pelayo
_b: disertaciones leídas y poesías recitadas el día de la Fiesta del Libro.
260 _aMadrid :
_b[s.n.,
_c1956] (
_fViuda de Galo Saéz)
300 _a58 p. ;
_c21 cm.
500 _aPrecede al tít.: Instituto Nacional de Enseñanza Media Cervantes.
600 1 0 _aMenéndez y Pelayo, Marcelino,
_d1856-1912-
_vHomenajes
_9206510
710 2 _aInstituto de Bachillerato Cervantes (Madrid)
_94826
852 _aES-MaACL
_j1992-F-16
999 _c81141
_d81141